[Event "Mittelfranken Landesliga Nord 2122"]
[Site "Mittelfranken"]
[Date "2022.05.29"]
[Round "9.8"]
[White "Zeltner, Richard"]
[Black "Albayrak, Nese Pinar"]
[Result "1/2-1/2"]
[WhiteElo "1713"]
[BlackElo "1848"]
[PlyCount "106"]
[EventDate "2021.10.24"]
[EventType "team-tourn"]
[EventRounds "9"]
[EventCountry "GER"]
[SourceTitle "EXT 2024"]
[Source "ChessBase"]
[SourceDate "2023.10.10"]
[SourceVersion "1"]
[SourceVersionDate "2023.10.10"]
[SourceQuality "1"]
[WhiteTeam "Erlangen II"]
[BlackTeam "Nuernberg NT II"]
[WhiteTeamCountry "GER"]
[BlackTeamCountry "GER"]

1. e4 e5 2. Nf3 Nc6 3. Bc4 Nf6 4. Ng5 d5 5. exd5 Na5 6. Bb5+ c6 7. dxc6 bxc6 8. Qf3 Bb7 9. Ba4 Bd6 10. d3 Qb6 11. Qe3 Qb4+ 12. Nc3 h6 13. a3 Qd4 14. Nf3 Qxe3+ 15. Bxe3 e4 16. Nd4 exd3 17. cxd3 0-0 18. b4 c5 19. bxa5 cxd4 20. Bxd4 Ng4 21. f3 Ne5 22. Rd1 Nxf3+ 23. gxf3 Bxf3 24. Rg1 Bxd1 25. Rxg7+ Kh8 26. Rxf7+ Kg8 27. Rg7+ Kh8 28. Rxa7+ Kg8 29. Rg7+ Kh8 30. Bxd1 Rfe8+ 31. Ne4 Be5 32. Bxe5 Rxe5 33. Rg2 Rexa5 34. a4 Rb8 35. Rd2 Rb1 36. Kf2 Rf5+ 37. Ke2 Ra1 38. d4 Ra3 39. Ng3 Rff3 40. Nf1 Kg7 41. d5 Kf8 42. d6 Ke8 43. Bc2 Rf6 44. Bd3 Rxd6 45. Bb5+ Ke7 46. Rxd6 Kxd6 47. Kf2 Ke5 48. Ng3 Ra2+ 49. Ne2 Ra3 50. Kg2 Ke4 51. Ng3+ Kf4 52. Kh3 Kg5 53. Kg2 Kf4 1/2-1/2

[Event "Mittelfranken Landesliga Nord 2122"]
[Site "Mittelfranken"]
[Date "2021.10.24"]
[Round "1.8"]
[White "Stoeckl, Stephan"]
[Black "Zeltner, Richard"]
[Result "1-0"]
[WhiteElo "1928"]
[BlackElo "1713"]
[PlyCount "59"]
[EventDate "2021.10.24"]
[EventType "team-tourn"]
[EventRounds "9"]
[EventCountry "GER"]
[SourceTitle "EXT 2024"]
[Source "ChessBase"]
[SourceDate "2023.10.10"]
[SourceVersion "1"]
[SourceVersionDate "2023.10.10"]
[SourceQuality "1"]
[WhiteTeam "Schwandorf"]
[BlackTeam "Erlangen II"]
[WhiteTeamCountry "GER"]
[BlackTeamCountry "GER"]

1. Nf3 g6 2. c4 Bg7 3. g3 d6 4. Bg2 Nc6 5. Nc3 e5 6. d3 f5 7. 0-0 Nf6 8. Rb1 0-0 9. b4 h6 10. b5 Ne7 11. Bb2 g5 12. c5 Be6 13. cxd6 cxd6 14. Qa4 Qe8 15. Ba3 Nc8 16. Rfc1 f4 17. Nd2 Qf7 18. Nde4 fxg3 19. hxg3 Nxe4 20. Nxe4 Rd8 21. Qa5 Qd7 22. Rc7 Qe8 23. Rxb7 Rd7 24. Rxd7 Qxd7 25. Nf6+ Bxf6 26. Bxa8 d5 27. Rc1 Bd8 28. Qb4 Be7 29. Qc3 d4 30. Qxc8+ 1-0

[Event "GER-chT Christmas U16 Lasker"]
[Site "Playchess.com INT"]
[Date "2020.12.28"]
[Round "5.2"]
[White "Hoffmann, Alexander4444"]
[Black "Zeltner, Richard"]
[Result "0-1"]
[WhiteElo "1554"]
[BlackElo "1599"]
[PlyCount "36"]
[EventDate "2020.12.28"]
[EventType "team-swiss (blitz)"]
[EventRounds "7"]
[EventCountry "GER"]
[SourceTitle "CBM 200 Extra"]
[Source "ChessBase"]
[SourceDate "2021.03.31"]
[SourceVersion "1"]
[SourceVersionDate "2021.03.31"]
[SourceQuality "1"]
[WhiteTeam "Karlsruhe II"]
[BlackTeam "Erlangen"]
[WhiteTeamCountry "GER"]
[BlackTeamCountry "GER"]

1. e4 g6 2. Nf3 Bg7 3. d4 d6 4. c4 Nc6 5. Be3 e5 6. d5 Nce7 7. Nc3 f5 8. Nd2 f4 9. Bxf4 exf4 10. f3 Nf6 11. Be2 0-0 12. 0-0 Nh5 13. Qc2 Kh8 14. b4 Ng8 15. c5 Bd4+ 16. Kh1 Qh4 17. g3 fxg3 18. Rg1 Qxh2# 0-1

[Event "Landesliga Nord U20 1819"]
[Site "Bayern"]
[Date "2019.02.09"]
[Round "7.3"]
[White "Zeltner, Richard"]
[Black "Kuehne, Maria"]
[Result "0-1"]
[WhiteElo "1639"]
[BlackElo "1671"]
[PlyCount "126"]
[EventDate "2018.11.17"]
[EventType "team-tourn"]
[EventRounds "7"]
[EventCountry "GER"]
[SourceTitle "EXT 2022"]
[Source "ChessBase"]
[SourceDate "2021.10.06"]
[SourceVersion "1"]
[SourceVersionDate "2021.10.06"]
[SourceQuality "1"]
[WhiteTeam "Erlangen SC U20"]
[BlackTeam "Ergolding FC U20 II"]
[WhiteTeamCountry "GER"]
[BlackTeamCountry "GER"]

1. e4 Nc6 2. Nf3 Nf6 3. Nc3 d6 4. d4 Bg4 5. Be3 e5 6. Be2 Bxf3 7. Bxf3 Ne7 8. 0-0 Ng6 9. Qd3 c6 10. Rad1 Be7 11. Be2 0-0 12. d5 c5 13. g3 Nd7 14. Bf3 a6 15. a4 Rc8 16. b3 Rb8 17. Bg2 Bg5 18. Ne2 Bxe3 19. Qxe3 f5 20. f4 exf4 21. Nxf4 Nxf4 22. Rxf4 Qe7 23. Re1 Rbe8 24. Qf2 Qe5 25. Qd2 g5 26. Rff1 f4 27. Rf3 fxg3 28. Rxg3 h6 29. Bh3 Nf6 30. Be6+ Kg7 31. Qg2 Nh5 32. Rf3 Nf4 33. Qg4 Nxe6 34. dxe6 Rxf3 35. Qxf3 Rxe6 36. Qd3 d5 37. Rf1 Qxe4 38. Qc3+ Qd4+ 39. Qxd4+ cxd4 40. Rf5 Rd6 41. Rf2 Rf6 42. Re2 Kf7 43. Re5 Rd6 44. Re2 Re6 45. Rf2+ Ke7 46. Rf5 Kd6 47. Kf2 a5 48. Kf3 Kc5 49. Kf2 b6 50. Kf1 Kb4 51. Rxd5 Kc3 52. Kf2 Kxc2 53. Rxd4 Kxb3 54. Kf3 Kc3 55. Rd5 Kb3 56. Rd4 Rf6+ 57. Ke3 Rf4 58. Rd6 Rh4 59. Rxb6+ Kxa4 60. Rb2 Ka3 61. Rd2 a4 62. Kd3 Kb3 63. Rf2 a3 0-1

[Event "GER-chT U14"]
[Site "Magdeburg"]
[Date "2018.12.28"]
[Round "4.3"]
[White "Schubert, Nikita"]
[Black "Zeltner, Richard"]
[Result "1-0"]
[WhiteElo "1969"]
[BlackElo "1689"]
[PlyCount "69"]
[EventDate "2018.12.27"]
[EventType "team-swiss"]
[EventRounds "7"]
[EventCountry "GER"]
[SourceTitle "CBM 188 Extra"]
[Source "ChessBase"]
[SourceDate "2019.02.26"]
[SourceVersion "1"]
[SourceVersionDate "2019.02.26"]
[SourceQuality "1"]
[WhiteTeam "Gera"]
[BlackTeam "Erlangen"]
[WhiteTeamCountry "GER"]
[BlackTeamCountry "GER"]

1. d4 g6 2. c4 Bg7 3. g3 d6 4. Bg2 Nd7 5. Nc3 e5 6. Nf3 Ne7 7. e4 0-0 8. 0-0 Nc6 9. Be3 Nf6 10. h3 Bd7 11. Qd2 Qe7 12. d5 Nb4 13. Bg5 Qe8 14. Ne1 Na6 15. Nd3 Qc8 16. Kh2 c6 17. f4 cxd5 18. cxd5 exf4 19. Qxf4 Ne8 20. Be7 f6 21. Bxf8 Bxf8 22. Rac1 Qd8 23. Rfd1 Ng7 24. Ne2 Nh5 25. Qd2 Be7 26. Nef4 Ng7 27. Qc3 g5 28. Ne2 Qe8 29. Nd4 Qh5 30. Nf2 Rf8 31. Qf3 Qg6 32. g4 h5 33. Nf5 Bd8 34. Kg1 Be7 35. Nxe7+ 1-0

[Event "Landesliga Nord U20 1819"]
[Site "Bayern"]
[Date "2018.12.08"]
[Round "3.3"]
[White "Zeltner, Richard"]
[Black "Vilinski, Jan"]
[Result "1-0"]
[WhiteElo "1639"]
[BlackElo "983"]
[PlyCount "49"]
[EventDate "2018.11.17"]
[EventType "team-tourn"]
[EventRounds "7"]
[EventCountry "GER"]
[SourceTitle "EXT 2022"]
[Source "ChessBase"]
[SourceDate "2021.10.06"]
[SourceVersion "1"]
[SourceVersionDate "2021.10.06"]
[SourceQuality "1"]
[WhiteTeam "Erlangen SC U20"]
[BlackTeam "Jaecklechemie SC U20"]
[WhiteTeamCountry "GER"]
[BlackTeamCountry "GER"]

1. e4 c5 2. Nf3 d6 3. d4 cxd4 4. Nxd4 Nf6 5. Nc3 g6 6. Bc4 Bg7 7. Be3 a6 8. f3 Nbd7 9. Qd2 h5 10. h4 b5 11. Bb3 Nb6 12. 0-0-0 Bb7 13. Rdf1 Qd7 14. Nf5 gxf5 15. Bxb6 fxe4 16. Nxe4 Qc6 17. Nxf6+ Bxf6 18. Bd4 Bxd4 19. Qxd4 Rg8 20. Re1 Rxg2 21. Qf6 Qd7 22. Qxf7+ Kd8 23. Be6 Qc6 24. Bf5 Bc8 25. Qxe7# 1-0

[Event "GER-chT U12"]
[Site "Magdeburg"]
[Date "2016.12.27"]
[Round "2.3"]
[White "Zeltner, Richard"]
[Black "Quinque, Pepe"]
[Result "1-0"]
[WhiteElo "1404"]
[BlackElo "872"]
[PlyCount "79"]
[EventDate "2016.12.27"]
[EventType "team-swiss"]
[EventRounds "7"]
[EventCountry "GER"]
[SourceTitle "EXT 2018"]
[Source "ChessBase"]
[SourceDate "2017.10.13"]
[SourceVersion "1"]
[SourceVersionDate "2017.10.13"]
[SourceQuality "1"]
[WhiteTeam "Erlangen"]
[BlackTeam "Graefenhainichen"]
[WhiteTeamCountry "GER"]
[BlackTeamCountry "GER"]

1. e4 e5 2. Nf3 Nc6 3. Bc4 Nf6 4. Ng5 d5 5. exd5 Nxd5 6. d4 Nxd4 7. c3 Nf5 8. Qxd5 Qxd5 9. Bxd5 Nd6 10. Be3 c6 11. Bb3 Be7 12. Nf3 0-0 13. 0-0 Rd8 14. Nbd2 Nf5 15. Ne4 Nxe3 16. fxe3 h6 17. Nxe5 Be6 18. Bxe6 fxe6 19. Rad1 Rxd1 20. Rxd1 Kh7 21. Rd7 Re8 22. Rxb7 c5 23. Nc6 Bh4 24. g3 Bg5 25. Nxg5+ hxg5 26. Rxa7 e5 27. e4 Kh6 28. a4 g4 29. a5 Re6 30. Ra6 Rd6 31. Nb8 Rxa6 32. Nxa6 c4 33. Nc7 Kg6 34. a6 Kf7 35. a7 Ke7 36. a8Q Kd7 37. Qb8 g6 38. Nd5 g5 39. Qc7+ Ke6 40. Qe7# 1-0

[Event "Nuremberg Zabo op 18th"]
[Site "Nuremberg"]
[Date "2016.09.18"]
[Round "5"]
[White "Dillinger, Hans"]
[Black "Zeltner, Richard"]
[Result "1-0"]
[WhiteElo "1562"]
[BlackElo "1325"]
[PlyCount "39"]
[EventDate "2016.09.16"]
[EventType "swiss"]
[EventRounds "5"]
[EventCountry "GER"]
[SourceTitle "EXT 2018"]
[Source "ChessBase"]
[SourceDate "2017.10.13"]
[SourceVersion "1"]
[SourceVersionDate "2017.10.13"]
[SourceQuality "1"]

1. d4 d5 2. Nf3 Nc6 3. Bf4 Bf5 4. e3 Nf6 5. c3 e6 6. Bb5 a6 7. Bxc6+ bxc6 8. Ne5 c5 9. Qa4+ Ke7 10. Nc6+ Ke8 11. Nxd8+ Kxd8 12. Qc6 Ra7 13. dxc5 g6 14. 0-0 Bd3 15. Qa4 Bb5 16. Qb3 Bxf1 17. Qb8+ Ke7 18. Qxa7 Bb5 19. Qxc7+ Ke8 20. Qc8+ 1-0

[Event "Nuremberg Zabo op 18th"]
[Site "Nuremberg"]
[Date "2016.09.17"]
[Round "2"]
[White "Zeltner, Richard"]
[Black "Weissmann, Peter"]
[Result "1-0"]
[WhiteElo "1325"]
[BlackElo "1637"]
[PlyCount "51"]
[EventDate "2016.09.16"]
[EventType "swiss"]
[EventRounds "5"]
[EventCountry "GER"]
[SourceTitle "EXT 2018"]
[Source "ChessBase"]
[SourceDate "2017.10.13"]
[SourceVersion "1"]
[SourceVersionDate "2017.10.13"]
[SourceQuality "1"]

1. e4 e5 2. Nf3 f5 3. Nxe5 Qf6 4. d4 fxe4 5. Qh5+ g6 6. Qg4 d5 7. Qxc8+ Qd8 8. Qxb7 Nd7 9. Bb5 Ngf6 10. Bg5 Bb4+ 11. c3 0-0 12. Nxd7 Be7 13. Nxf8 Kxf8 14. Bh6+ Kf7 15. 0-0 Ng4 16. Bf4 Rb8 17. Qc6 Rb6 18. Bxc7 Rxc6 19. Bxd8 Rf6 20. Bxe7 Kxe7 21. Be2 Nh6 22. Nd2 g5 23. c4 Nf5 24. cxd5 Nxd4 25. Bc4 Rf4 26. Rae1 1-0